000 00697nam a2200205Ia 4500
003 IN-BaIIA
008 211028s9999 xx 000 0 eng d
020 _a0-521-45651-7
040 _cIIA Library
080 _a521.81
_bPAS
100 _aPasachhoff, J M
_919655
245 4 _athe cambridge eclipse photography guide
_bhow and where to observe and photograph solar and lunar eclipse
_cJ M Pasachhoff and M A Covington
260 _aCambridge
_bCambridge University Press
_c1993
300 _a135p.
650 _aEclipses
_9909
650 _aLunar eclipses
_93371
650 _aSolar eclipses
_91451
700 _aCovington, M. A.
_919656
942 _cBK
999 _c11415
_d11415